000 01128naa a22002897a 4500
001 BR8003208
003 BR-BrBNA
005 20240918174611.0
007 ta
008 230509b bl.||||| |||| 00| 0 por d
040 _aBR-BrBNA
_bpor
_cBiblioteca Nacional de Agricultura
041 _a(Pt)
072 _aN10
_b/G514
090 _aN10 BR8003208
100 1 _aPiedade Junior, C.
100 1 _aBenez, S.H.
100 1 _aFreire, W.J.
111 1 _a9. Congresso Brasileiro de Engenharia Agricola
_cCampina Grande, PB (Brazil)
_d24 Jul 1979
245 1 _aEstudo eletrico e mecanico de emendas de cabos de aluminio para linhas de eletrificacao rural [Brasil]
260 3 _aCampina Grande, PB (Brasil):
_c1980.
500 _aAnais do 9. Congresso Brasileiro de Engenharia Agricola Campina Grande, PB (Brasil): 1980. v. 2 p. 353-360 (BR8003208-AM)N10
650 _aEngenharia rural
650 _aEletrificacao rural
773 0 _tAnais do 9. Congresso Brasileiro de Engenharia Agricola
_wN10 BR8003208
_gCampina Grande, PB (Brasil), 1980. v. 2 p. 353-360
909 _a202404
_bLucia
_c55
_dLucia Elande
942 _cAM
_2AGRIS
999 _c312266
_d312266